[Event "HUN-chT2 Maroczy 1314"]
[Site "Hungary"]
[Date "2013.08.22"]
[Round "2"]
[White "Szilagyi, Tibor"]
[Black "Fodre, Sandor"]
[Result "1/2-1/2"]
[WhiteElo "2039"]
[BlackElo "2170"]
[PlyCount "158"]
[EventDate "2013.09.08"]
[EventType "team-tourn"]
[EventRounds "11"]
[EventCountry "HUN"]
[SourceTitle "EXT 2016"]
[Source "ChessBase"]
[SourceDate "2015.10.08"]
[SourceVersion "1"]
[SourceVersionDate "2015.10.08"]
[SourceQuality "1"]
[WhiteTeam "Debrecen SBK"]
[BlackTeam "Lila Futo"]
[WhiteTeamCountry "HUN"]
[BlackTeamCountry "HUN"]

1. e4 c5 2. Nc3 Nc6 3. g3 g6 4. Bg2 Bg7 5. d3 d6 6. Be3 Qa5 7. Bd2 Rb8 8. Nge2 b5 9. Nd5 Qd8 10. Bc3 Nd4 11. Nxd4 cxd4 12. Bd2 e6 13. Nf4 Ne7 14. 0-0 0-0 15. Ne2 e5 16. c3 dxc3 17. bxc3 d5 18. Be3 d4 19. cxd4 exd4 20. Bf4 Rb6 21. Rc1 Nc6 22. Rc5 Be6 23. Qd2 Qd7 24. Rfc1 Rc8 25. R1c2 Bf8 26. Rd5 Bxd5 27. exd5 Ne7 28. Rxc8 Nxc8 29. Nxd4 Ne7 30. Nf3 Nxd5 31. Bh6 Bxh6 32. Qxh6 f6 33. h4 Ne7 34. Qe3 Rd6 35. d4 Nf5 36. Qb3+ Kg7 37. Bh3 a6 38. Kh2 Rd5 39. h5 Qd6 40. hxg6 hxg6 41. a4 b4 42. Qc4 Nxd4 43. Nd2 a5 44. Qc8 Nf5 45. Ne4 Qe7 46. Bg2 Re5 47. Qa8 Nd6 48. Nxd6 Qxd6 49. Qb7+ Qe7 50. Qa8 Rh5+ 51. Kg1 Qe1+ 52. Bf1 Rf5 53. Qb7+ Kh6 54. Qh1+ Rh5 55. Qa8 Kg7 56. Qb7+ Kf8 57. Qb8+ Qe8 58. Qd6+ Qe7 59. Qb8+ Kg7 60. Bc4 Rh8 61. Qb5 Qe1+ 62. Bf1 Re8 63. Qxa5 Re7 64. Qb6 Qe4 65. a5 Qb7 66. Qd4 Re1 67. Qd2 Ra1 68. a6 Rxa6 69. Bxa6 Qxa6 70. Qd7+ Kh6 71. Qh3+ Kg7 72. Qd7+ Kf8 73. Qd8+ Kf7 74. Qd7+ Kg8 75. Qe8+ Kg7 76. Qe7+ Kg8 77. Qxb4 Qa1+ 78. Kg2 g5 79. Qe4 Kg7 1/2-1/2

[Event "HUN-chT2 Erkel 1213"]
[Site "Hungary"]
[Date "2013.03.03"]
[Round "8.5"]
[White "Vass, Istvan"]
[Black "Fodre, Sandor"]
[Result "0-1"]
[WhiteElo "2043"]
[BlackElo "2171"]
[PlyCount "76"]
[EventDate "2012.09.16"]
[EventType "team-tourn"]
[EventRounds "11"]
[EventCountry "HUN"]
[SourceTitle "EXT 2014"]
[Source "ChessBase"]
[SourceDate "2013.11.20"]
[SourceVersion "1"]
[SourceVersionDate "2013.11.20"]
[SourceQuality "1"]
[WhiteTeam "Barcza"]
[BlackTeam "Dunaharaszti"]
[WhiteTeamCountry "HUN"]
[BlackTeamCountry "HUN"]

1. e4 c5 2. Nf3 Nc6 3. Bb5 g6 4. 0-0 Bg7 5. c3 Qb6 6. Ba4 d6 7. Re1 Bg4 8. d3 Nf6 9. Nbd2 0-0 10. h3 Bd7 11. Nc4 Qc7 12. Bf4 e5 13. Bg5 h6 14. Bxf6 Bxf6 15. Nh2 Kh7 16. Ng4 Bg7 17. Nge3 Ne7 18. Bxd7 Qxd7 19. Nd5 Nxd5 20. exd5 b5 21. Na5 f5 22. Nc6 f4 23. Qf3 Qf5 24. a4 a6 25. Ra3 Rae8 26. axb5 axb5 27. Rb3 c4 28. dxc4 bxc4 29. Rb5 e4 30. Qg4 Qf7 31. Qd1 f3 32. gxf3 exf3 33. Rxe8 Rxe8 34. Nd4 Qd7 35. Qxf3 Rf8 36. Qg4 Qf7 37. f3 h5 38. Qe4 Qd7 0-1

[Event "HUN-chT2 Erkel 1213"]
[Site "Hungary"]
[Date "2012.10.07"]
[Round "2.4"]
[White "Fodre, Sandor"]
[Black "Egyed, Andras"]
[Result "1/2-1/2"]
[WhiteElo "2171"]
[BlackElo "2289"]
[PlyCount "29"]
[EventDate "2012.09.16"]
[EventType "team-tourn"]
[EventRounds "11"]
[EventCountry "HUN"]
[SourceTitle "EXT 2014"]
[Source "ChessBase"]
[SourceDate "2013.11.20"]
[SourceVersion "1"]
[SourceVersionDate "2013.11.20"]
[SourceQuality "1"]
[WhiteTeam "Dunaharaszti"]
[BlackTeam "Matra"]
[WhiteTeamCountry "HUN"]
[BlackTeamCountry "HUN"]

1. e4 e6 2. d4 d5 3. exd5 exd5 4. Bd3 Bd6 5. Nf3 Nf6 6. 0-0 0-0 7. h3 h6 8. Re1 Re8 9. c3 Nbd7 10. Nbd2 c6 11. Rxe8+ Qxe8 12. Qc2 Nf8 13. Nf1 Ne6 14. Bd2 Nf4 15. Re1 1/2-1/2

[Event "HUN-chT2 Erkel 1213"]
[Site "Hungary"]
[Date "2012.09.16"]
[Round "1.5"]
[White "Kelemen, Gyorgy"]
[Black "Fodre, Sandor"]
[Result "1/2-1/2"]
[WhiteElo "2044"]
[BlackElo "2171"]
[PlyCount "45"]
[EventDate "2012.09.16"]
[EventType "team-tourn"]
[EventRounds "11"]
[EventCountry "HUN"]
[SourceTitle "EXT 2014"]
[Source "ChessBase"]
[SourceDate "2013.11.20"]
[SourceVersion "1"]
[SourceVersionDate "2013.11.20"]
[SourceQuality "1"]
[WhiteTeam "Mezokovesd"]
[BlackTeam "Dunaharaszti"]
[WhiteTeamCountry "HUN"]
[BlackTeamCountry "HUN"]

1. e4 c5 2. Nf3 Nc6 3. Bb5 g6 4. 0-0 Bg7 5. c3 d6 6. d4 cxd4 7. cxd4 Bd7 8. Nc3 Nf6 9. d5 Ne5 10. Nxe5 dxe5 11. Qa4 a6 12. Bxd7+ Nxd7 13. Bg5 0-0 14. d6 f6 15. dxe7 Qxe7 16. Nd5 Qf7 17. Be3 Rfd8 18. Rac1 b5 19. Qb3 Kh8 20. Rfd1 Rac8 21. Qa3 Nb8 22. Qe7 Qxe7 23. Nxe7 1/2-1/2